• 首页
  • 本馆介绍
  • 公告通知
  • 最新文献
  • 馆藏检索
  • 电子资源
  • 读者导购
  • 参考咨询
  • 我的图书馆
  • 登录
  • 详细信息显示
  • 放入我的书架
  • 预约/预借图书
  • 作者相关作品
  • 分类相关作品
  • 丛书相关作品
  • 出版社相关作品

书目信息

  • 表格格式
  • 工作单格式
  • 卡片格式
题名:
果树钙素营养与生理
    
 
作者: 关军锋 , 绍雷 编著
分册:  
出版信息: 北京   科学出版社  2005
页数: 15,129页
开本: 24cm
丛书名:
单 册:
中图分类: S660.1 , Q945.12
科图分类:
主题词: 果树--钙--植物营养 , 果树 , 植物营养 , 钙 , 植物生物学
电子资源:
ISBN: 7-03-015313-8
000 01130nam0 2200325 450
000 01081nam0 2200301 450
000 01012nam0 2200277 450
000 00975nam0 2200265 45
005 20070529082124.09
010    @a7-03-015313-8@b精装@dCNY45.00
100    @a20070418d2005 em y0chiy0120 ea
101 1  @achi@cger
102    @aCN@b110000
105    @ay z 000yy
200 1  @a果树钙素营养与生理@AGuo Shu Gai Su Ying Yang Yu Sheng Li@f关军锋,[德]Max Saure编著@FGuan Jun Feng, [ De ]Max Saure Bian Zhu
210    @a北京@c科学出版社@d2005
215    @a15,129页@d24cm
330    @a本书共分六章,比较详细地总结了果树缺钙症、果实钙素营养水平的调节、钙与花芽分化、花粉萌发和花粉管生长、结实及发育之间的关系等内容。
510 1  @aCalcium Nutrition and Physiology of Fruit Trees@zeng
606 0  @a果树@x钙@x植物营养
606 0  @a果树
606 0  @a植物营养
606 0  @a钙
606 0  @a植物生物学
690    @aS660.1@v4
690    @aQ945.12@v3
701  0 @a关军锋@AGuan Jun Feng@4编著
701  1 @c(德)@a绍雷@AShao Lei@g(Saure, Max)@4编著
801  0 @aCN@bTAOJIN@c20070529
905    @a10447@dQ945.12@e152
    
    果树钙素营养与生理/关军锋,[德]Max Saure编著.-北京:科学出版社,2005
    15,129页;24cm
    
    
    ISBN 7-03-015313-8(精装):CNY45.00
    本书共分六章,比较详细地总结了果树缺钙症、果实钙素营养水平的调节、钙与花芽分化、花粉萌发和花粉管生长、结实及发育之间的关系等内容。
●
相关链接 在E读中查询图书 在五车中查询图书 在当当中查询图书 在豆瓣中查询图书


正题名:果树钙素营养与生理     索取号:Q945.12/152         预约/预借

序号 登录号 条形码 馆藏地/架位号 状态 备注
1 0523504   205235048   第二样本阅览室/ [索取号:Q945.12/152] 在馆    
2 0523505   205235057   第三借阅区/ [索取号:Q945.12/152] 在馆    
3 0523506   205235066   第三借阅区/ [索取号:Q945.12/152] 在馆    
4 0523507   205235075   第三借阅区/ [索取号:Q945.12/152] 在馆    
5 0523508   205235084   第三借阅区/ [索取号:Q945.12/152] 在馆    
6 0523509   205235093   第三借阅区/ [索取号:Q945.12/152] 在馆    
7 0523510   205235100   第三借阅区/ [索取号:Q945.12/152] 在馆    
唐山师范学院图书馆 欢迎您!
大连网信软件有限公司© 版权所有